000 01080 a2200241 4500
003 Nust
005 20170207154033.0
010 _a 2002107238
020 _a1558607455 (pbk. : alk. paper)
040 _cNust
082 _a005.264
100 1 _aDaum, Berthold,
245 1 0 _aSystem architecture with XML -(E-BOOK)
_cBerthold Daum, Udo Merten.
260 _aSan Francisco, CA :
_bMorgan Kaufmann Publishers,
_cc2003.
300 _axxii, 458 p. :
_bill. ;
_c24 cm.
505 _aScenario (Page-9), Groundwork (Page-28), Structure (Page-75), Meaning (Page-140), Modeling Processes (Page-158), Communications (Page-194), Hypermedia (Page-213), Presentation Formats (Page-242), Transformation (Page-278), Infrastructure (Page-292), Solutions (Page-313).
650 0 _aComputer architecture.
650 0 _aXML (Document markup language)
651 _aE-BOOK
700 1 _aMerten, Udo.
856 4 2 _3Publisher description
_uhttp://www.loc.gov/catdir/description/els031/2002107238.html
856 4 2 _3Table of contents
_uhttp://www.loc.gov/catdir/toc/els031/2002107238.html
942 _2ddc
_cBK
999 _c192243
_d192243